书目信息 |
| 题名: |
铁路行李员
|
|
| 作者: | ;铁道部劳动和卫生司 , 铁道部人才服务中心 组织编写 | |
| 分册: | ||
| 出版信息: | 北京 中国铁道出版社 2007.03 |
|
| 页数: | 116页 | |
| 开本: | 19cm | |
| 丛书名: | 铁路职业技能鉴定指导丛书 | |
| 单 册: | ||
| 中图分类: | U293.3 | |
| 科图分类: | ||
| 主题词: | 铁路运输--旅客运输--管理--技术教育--试题 , CT--S074562--铁路运输 , CT--S049459--旅客运输 | |
| 电子资源: | ||
| ISBN: | 978-7-113-07429-6 | |
| 000 | 01108oam2 2200301 45 | |
| 001 | 012002056028 | |
| 005 | 20020718135301.5 | |
| 010 | @a978-7-113-07429-6@dCNY9.00 | |
| 100 | @a20070711d2007 em y0chiy0110 ea | |
| 101 | 0 | @achi |
| 102 | @aCN@b110000 | |
| 105 | @ay q 000yy | |
| 106 | @ar | |
| 200 | 1 | @a铁路行李员@f铁道部劳动和卫生司,铁道部人才服务中心组织编写 |
| 210 | @a北京@c中国铁道出版社@d2007.03 | |
| 215 | @a116页@d19cm | |
| 225 | 2 | @a铁路职业技能鉴定指导丛书 |
| 330 | @a本书分为五大部分,有知识要求练习题762道,技能要求演练题17道,知识要求练习题附有答案,技能要求演练题给出了操作要点,另外还增加了职业技能英语部分练习题和答案。 | |
| 461 | 0 | @12001 @a铁路职业技能鉴定指导丛书 |
| 606 | 0 | @a铁路运输@x旅客运输@x管理@x技术教育@x试题 |
| 606 | 0 | @2CT@3S074562@a铁路运输 |
| 606 | 0 | @2CT@3S049459@a旅客运输 |
| 690 | @aU293.3@v4 | |
| 711 | 02 | @a铁道部劳动和卫生司@9tie dao bu lao dong he wei sheng si@4组织编写 |
| 711 | 02 | @a铁道部人才服务中心@9tie dao bu ren cai fu wu zhong xin@4组织编写 |
| 801 | 0 | @aCN@bJiuFeng@c20020718 |
| 905 | @aBZT@dU293.3@e3@f10 | |
| 906 | @dCNY9.00@n0@r1 | |
| 铁路行李员/铁道部劳动和卫生司,铁道部人才服务中心组织编写.-北京:中国铁道出版社,2007.03 |
| 116页;19cm.-(铁路职业技能鉴定指导丛书) |
| ISBN 978-7-113-07429-6:CNY9.00 |
| 本书分为五大部分,有知识要求练习题762道,技能要求演练题17道,知识要求练习题附有答案,技能要求演练题给出了操作要点,另外还增加了职业技能英语部分练习题和答案。 |
| ● |
| 相关链接 |
|
|
|
正题名:铁路行李员
索取号:U293.3/3
 
预约/预借
| 序号 | 登录号 | 条形码 | 馆藏地/架位号 | 状态 | 备注 |
| 1 | 735970 | 2000735970 | 中心书库北库/ 北库040架A面4列7层70/ [索取号:U293.3/3] | 在馆 | |
| 2 | 735971 | 2000735971 | 中心书库北库/ 北库040架A面4列7层75/ [索取号:U293.3/3] | 在馆 | |
| 3 | 735972 | 2000735972 | 中心书库北库/ 北库040架A面4列7层72/ [索取号:U293.3/3] | 在馆 | |
| 4 | 735973 | 2000735973 | 中心书库北库/ 北库040架A面4列7层83/ [索取号:U293.3/3] | 在馆 | |
| 5 | 735974 | 2000735974 | 中心书库北库/ 北库040架A面4列7层73/ [索取号:U293.3/3] | 在馆 | |
| 6 | 735975 | 2000735975 | 中心书库北库/ 北库040架A面4列7层71/ [索取号:U293.3/3] | 在馆 | |
| 7 | 735976 | 2000735976 | 中心书库北库/ 北库040架A面4列7层84/ [索取号:U293.3/3] | 在馆 | |
| 8 | 735977 | 2000735977 | 中心书库北库/ 北库040架A面4列7层67/ [索取号:U293.3/3] | 在馆 | |
| 9 | 735978 | 2000735978 | 中心书库北库/ 北库040架A面4列7层85/ [索取号:U293.3/3] | 在馆 | |
| 10 | 735979 | 2000735979 | 中心书库北库/ 北库040架A面4列7层76/ [索取号:U293.3/3] | 在馆 |